000 00712nam a2200217 i 4500
001 C2-0112675
003 PPAK
005 20180727104000.0
008 970701s xx a|||| ||||| | eng d
040 _aPPAK
_beng
_cPPAK
_erda
082 0 4 _a923.1595112
_223
090 0 0 _a923.1595112
_bMEM
_dKK
245 0 0 _aMemoir of Tunku Md. Jewa Haji (Tunku Temenggong Kedah)
264 1 _a[place of publication not identified] :
_b[publisher not identified] ,
_c[date of publication not identified]
300 _a[7 pages] :
_billustrations ;
_c21 cm
336 _2rdacontent
_atext
337 _2rdamedia
_aunmediated
338 _2rdacarrier
_avolume
650 1 0 _aHeads of state - Biography - Kedah
942 _ddc
_cB
999 _c28409
_d28409